000
00294nam a2200097Ia 4500
008
220204s9999 xx 000 0 und d
082
_a
017.41(036)(540)
_b
DIR
245
0
_a
Directory of Indian publishers and distributors 1994
260
_a
Varanasi
_b
Indian Bibliographic Centre
_c
1994
942
_c
BK
999
_c
40759
_d
40759